00919nam a2200229 i 450000100060000000300090000600500170001500700030003200800410003510000300007624500710010626000370017730000530021453000350026765000350030265000440033785200660038185600750044794200080052299900170053095201420054745818ES-MaACL20250816050159.0t|030327s1911 fr ||||1| fre d1 aCollignon, Maxime.93971214aLes statues funéraires dans l'art grec / cpar Maxime Collignon. aParis : bErnest Leroux, c1911. a[1] h. de lám., VII, 404 p. : bil. ; c29 cm. aDisponible en formato digital. 7aEscultura griega2embne912443 4aMonumentos funerarios antiguos.9173276 aES-MaACLjG-7336cDEPO2zRevisado enlace: 10 de julio de 20254 uhttps://archive.org/details/lesstatuesfunr00colluoftyInternet Archive 2udc c45818d45818 001040708Colección_digitalaATENEOMbATENEOMcDEPO2d2008-01-17eSCl0oG-7336p1048202r2023-02-23 00:00:00w2023-02-23yMONOGRAFIA